000 00965na a2200289 4500
001 14896
003 MIRAKIL
005 20181213154815.0
008 161020b tu 000 0
035 _a14896
040 _aMilas
_btur
_cTR-AnCHP
041 _atur
082 _a923.9 Yasa,İ.
_bİ16 1983
090 _a923.9 Yasa,İ. İ16 1983
222 _aİbrahim Yasa'ya armağan
245 _aProf.Dr. İbrahim Yasa'ya armağan
_cAnkara Üniversitesi Siyasal Bilgiler Fakültesi
260 _aAnkara
_bA.Ü.S.B.F.Yayınları
_c1983
300 _a409 s.
_bres.; tbl.
_c24 sm.
490 _aA.Ü.S.B.F.Yayınları
_v519
504 _aKaynakça sayfa altlarındadır.
600 _aYasa,İbrahim
_xArmağan kitaplar
600 _aYasa,İbrahim
_cProf.Dr.
_d1906-1993
650 _aBilim insanları
_xSosyoloji
_zTürkiye
650 _aSosyoloji
_xKöy sosyolojisi
_zTürkiye
710 _aAnkara Üniversitesi Siyasal Bilgiler Fakültesi
942 _2dcc
_cBKS
999 _c1213
_d1213